000 00568nam a2200217Ia 4500
008 180523s9999 xx 000 0 und d
020 _a81-261-1680-3
050 _aMAIN RJ 101
050 _b.N36 2004
100 _aNanda, V.K.
245 0 _aNutrition and health for child development /
245 0 _cV.K. Nanda
260 _aNew Delhi :
260 _bAnmol Publications,
260 _c2004
300 _a312 pages :
300 _c21 cm.
650 _aChild development.
650 _aChildren -- Nutrition.
650 _xChildren -- Health and hygiene.
999 _c357649
_d357649